Pere Alcober, un polític que vol la nostra normalitat professional / entrevista realitzada per Francesc X. Navarro
Descripción Física:
30 cm
Materias:
Alcober, Pere
MARC
| LEADER | 00000nam a2200000Ia 4500 | ||
|---|---|---|---|
| 001 | 18551 | ||
| 008 | 160829s9999 xx 000 0 cat d | ||
| 080 | |a FU-51-19 | ||
| 100 | |a Alcober, Pere |9 45066 | ||
| 245 | |a Pere Alcober, un polític que vol la nostra normalitat professional / entrevista realitzada per Francesc X. Navarro | ||
| 260 | |a Docusport : |b la revista, any 2, núm. 6 (hivern 2004 - 2005), pàg. 4 - 6 | ||
| 300 | |a 30 cm | ||
| 590 | |a Secció de la revista: Entrevista a... | ||
| 650 | |a Alcober, Pere |9 45066 | ||
| 700 | |a Navarro, Francesc |9 34895 | ||
| 700 | |a Poveda, Carme |9 1 | ||
| 901 | |a Arxiu | ||
| 942 | |n 1 | ||
| 952 | |0 0 |1 0 |4 0 |6 FU5119 |7 1 |9 52334 |a Arxiu |b Arxiu |d 2016-12-01 |l 0 |o FU-51-19 |p 18551 |r 2016-12-01 00:00:00 |w 2016-12-01 |y ARXIU | ||
| 999 | |c 56182 |d 56182 | ||